Kolozsvárt, 1929 őszén
Elmentve itt :
| Szerző: | |
|---|---|
| Adatforrás: | Meister |
| Forrásdokumentuma: | Korunk. - 4 sz., 1992, 94-96 p. |
| Nyelv: | magyar |
| Kulcsszavak: | művelődéstörténet kulturális intézmények könyvkiadók oktatási intézmények iskolák Kolozsvár KUNCZ Aladár ARANY János Erdélyi Helikon Kolozsvári Református Kollégium |
| LEADER | 00630nab a2200229 i 4500 | ||
|---|---|---|---|
| 001 | bibPRO00002135 | ||
| 008 | 060524s1992 xx hun | ||
| 040 | |a Sz1 | ||
| 041 | |a hun | ||
| 100 | 1 | |a SZABÓ József | |
| 245 | 1 | 0 | |a Kolozsvárt, 1929 őszén |c SZABÓ József |
| 695 | |a művelődéstörténet | ||
| 695 | |a kulturális intézmények | ||
| 695 | |a könyvkiadók | ||
| 695 | |a oktatási intézmények | ||
| 695 | |a iskolák | ||
| 695 | |a Kolozsvár | ||
| 695 | |a KUNCZ Aladár | ||
| 695 | |a ARANY János | ||
| 695 | |a Erdélyi Helikon | ||
| 695 | |a Kolozsvári Református Kollégium | ||
| 773 | 0 | |t Korunk. - |g 4 sz., 1992, 94-96 p. | |